Beszélő 5-6. sz.

Elmentve itt :
Bibliográfiai részletek
Dokumentumtípus: Folyóirat
Megjelent: 1982
Sorozat:Beszélő : politikai és kulturális folyóirat
Online Access:http://misc.bibl.u-szeged.hu/16741
LEADER 00471nas a2200145 i 4500
001 misc16741
005 20191106141449.0
008 170616s1982 hu o 0|| zxx d
022 |a 0865-4093 
040 |a SZTE Miscellanea Repozitórium  |b hun 
041 |a zxx 
245 0 0 |a Beszélő 5-6. sz.  |h [elektronikus dokumentum] 
260 |c 1982 
490 0 |a Beszélő : politikai és kulturális folyóirat 
856 4 0 |u http://misc.bibl.u-szeged.hu/16741/1/beszelo_005_006.pdf  |z Dokumentum-elérés